000 00594nam a2200181 a 4500
001 000044570
005 20201002045453.0
008 140717s1987 dr a 000 0 spa d
020 _a8400067045
040 _aDO-SdBNP
_bspa
_cBNPHU
082 _axxxx
_bxxxx
100 1 _aMargalef Roig, J.
_972594
245 1 0 _aTopología diferencial /
_cJ. Margaleff Roig, E. Outerelo Domínguez.
260 _aMadrid :
_bConsejo Superior de Investigaciones Científicas,
_c1987.
300 _a453 p :
_bil. ;
_c24 cm.
504 _aBibliografía: p. [443]-445
700 1 2 _aOuterelo Domínguez, Enrique
_972595
999 _c44059
_d44059